Vývoj rentability, likvidity a aktivity vo vybranom súbore poľnohospodárskych podnikov v rokoch 2000-2008

Bibliographic Details
Main Authors: Serenčéš, Peter, 1947- (Author), Tóth, Marián, 1975- (Author), Čierna, Zuzana (Author), Rábek, Tomáš, 1982- (Author)
Format: Article
Language:Slovak
PhysicalDescription:Grafy, tab.
ISSN:1335-2571
Subjects:
Online Access:http://www.fem.uniag.sk/acta/sk/13/uvod/obsah/2010/1/

MARC

LEADER 00000nab a2200000 a 4500
001 vtls010125615
003 SK-MaSNL
005 20260426085922.0
008 250507c2010 xo ||||||||||||00 b|slo
015 |a SNBRB2010/08  |2 snkbucl 
035 |a (uuid)83278acb-8318-42ec-abcf-f10f4065774f 
035 |a urn:nbn:sk:snk-abf5ug 
035 |a (urnnbn)urn:nbn:sk:snk:ar-a09tez 
038 |a SNKBUCL 
040 |a SNKBUCL  |b slo  |c SNKBUCL  |e AACR2 
041 0 |a slo  |b eng  |b slo 
044 |a xo  |c SK 
080 |a 631.11:658.011.4  |x (437.6)  |2 2001 
080 |a 658.011.4  |x (437.6)  |2 2001 
080 |a 658.155  |x (437.6)  |2 2001 
245 0 0 |a Vývoj rentability, likvidity a aktivity vo vybranom súbore poľnohospodárskych podnikov v rokoch 2000-2008  |c Peter Serenčéš ... [et al.] 
246 3 1 |a Development of profitability, liquidity and activity in agricultural enterprises in years 2000-2008 
300 |b Grafy, tab. 
504 |a Bibliogr. odkazy 
546 |a Súbežný názov angl. ; res. angl., slov. 
648 7 |a 2000-2008  |2 snkbucl  |9 603713 
650 0 7 |a poľnohospodárske podniky  |2 snkbucl  |9 4194 
650 0 7 |a rentabilita  |2 snkbucl  |9 18462 
650 0 7 |a likvidita  |2 snkbucl  |9 161282 
651 7 |a Slovensko  |2 snkbucl  |9 14231 
655 7 |a štúdie  |2 snkbucl  |9 57033 
700 1 |a Serenčéš, Peter,  |d 1947-  |4 aut  |9 243364 
700 1 |a Tóth, Marián,  |d 1975-  |4 aut  |9 213905 
700 1 |a Čierna, Zuzana  |4 aut  |9 334359 
700 1 |a Rábek, Tomáš,  |d 1982-  |4 aut  |9 203530 
773 0 |t Acta oeconomica et informatica  |g Roč. 13., č. 1 (2010), s. 1-8  |x 1335-2571 
850 |a Slovenská národná knižnica 
852 |a Slovenská národná knižnica 
856 4 1 |u http://www.fem.uniag.sk/acta/sk/13/uvod/obsah/2010/1/ 
954 |a odborná, vedecká literatúra pôvodná (slovenská)  |2 lita 
958 |a article27 
958 |a SK 
958 |a NB 
958 |a OND 
958 |a EUIPO 
999 |c 2975623  |d 2977553